| Tag |
First Indicator |
Second Indicator |
Subfields |
| LEADER |
00000cam a22000001 4500 |
| 001 |
in00000068310 |
| 005 |
20151008051951.0 |
| 008 |
731212s1967 nyub 00010 eng |
| 010 |
|
|
|a 66026570
|
| 035 |
|
|
|a (OCoLC)00173329
|
| 035 |
|
|
|9 AAH0984AM
|
| 040 |
|
|
|a DLC
|c DLC
|d TXA
|d UtOrBLW
|
| 049 |
|
|
|a TXAM
|c [460611]
|
| 050 |
0 |
0 |
|a HC148
|b .R3
|
| 082 |
0 |
|
|a 330.97284
|
| 092 |
|
|
|a 338.97284
|b R276r
|
| 100 |
1 |
|
|a Raynolds, David R.
|
| 245 |
1 |
0 |
|a Rapid development in small economies ;
|b the example of El Salvador /
|c [by] David R. Raynolds.
|
| 264 |
|
1 |
|a New York :
|b Praeger,
|c [1967]
|
| 300 |
|
|
|a xvii, 124 pages :
|b map. ;
|c 25 cm.
|
| 336 |
|
|
|a text
|b txt
|2 rdacontent
|
| 337 |
|
|
|a unmediated
|b n
|2 rdamedia
|
| 338 |
|
|
|a volume
|b nc
|2 rdacarrier
|
| 490 |
1 |
|
|a Praeger special studies in international economics and development
|
| 651 |
|
0 |
|a El Salvador
|x Economic conditions
|y 1945-
|
| 830 |
|
0 |
|a Praeger special studies in international economics and development.
|
| 999 |
|
|
|a MARS
|
| 999 |
f |
f |
|s d0b52743-2d73-39b9-a30f-693c4de01a28
|i fb569451-8160-36bb-9f32-8493312c548a
|t 0
|
| 952 |
f |
f |
|p ric
|a Texas A&M University
|b Rellis Campus
|c Joint Library Facility
|d Remote Storage
|t 0
|e HC148 .R3
|h Library of Congress classification
|i unmediated -- volume
|m A14800775547
|
| 998 |
f |
f |
|a HC148 .R3
|t 0
|l Remote Storage
|